MARC

LEADER 00000nam0a2200000 4500
001 289836
005 20231102000226.0
020 |a RU  |b 83-80392 
035 |a (RuTPU)RU\TPU\book\314357 
090 |a 289836 
100 |a 20150402d1983 k y0rusy5003 ca 
101 0 |a rus 
102 |a RU 
105 |a a z 001zb 
200 1 |a Проблемы математики и механики  |e сборник научных трудов  |f Академия наук СССР (АН СССР), Сибирское отделение (СО), Институт гидродинамики им. М. А. Лаврентьева (ИГиЛ) ; под ред. Н. Н. Боголюбова 
210 |a Новосибирск  |c Наука  |d 1983 
215 |a 251 с.  |c ил. 
320 |a Библиография в конце статей 
600 1 |a Лаврентьев  |b М. А.  |g Михаил Алексеевич  |c российский математик  |c механик  |f 1900-1980  |2 stltpush  |3 (RuTPU)RU\TPU\pers\7865 
606 1 |a Математика  |2 stltpush  |3 (RuTPU)RU\TPU\subj\67327  |9 83171 
606 1 |a Механика  |2 stltpush  |3 (RuTPU)RU\TPU\subj\67812  |9 83462 
610 1 |a уравнения 
610 1 |a механика сплошной среды 
610 1 |a комплексные переменные 
610 1 |a стоковые ветры 
610 1 |a численное моделирование 
610 1 |a уравнения теплопроводности 
610 1 |a газожидкостные системы 
610 1 |a кноидальные волны 
610 1 |a сложные механические системы 
675 |a 51  |v 4 
675 |a 531  |v 4 
702 1 |a Боголюбов  |b Н. Н.  |g Николай Николаевич  |4 340 
712 0 2 |a Академия наук СССР (АН СССР)  |b Сибирское отделение (СО)  |b Институт гидродинамики им. М. А. Лаврентьева (ИГиЛ)  |c (Новосибирск)  |2 stltpush  |3 (RuTPU)RU\TPU\col\10224 
801 0 |a RU  |b RuMRKP  |c 19950704  |g psbo 
801 1 |a RU  |b 63413507  |c 20150402 
801 2 |a RU  |b 63413507  |c 20170710  |g RCR 
942 |c BK